00511nam a2200157Ia 4500008004100000082001900041100005600060245004100116260003800157300002200195365000600217520002400223630004100247650002400288730004100312100920s9999 xx 000 0 und d b1450a6 थ 69 aPENDSE NARAYAN SHRIPAD / Translated by-RAESIDE IAN. aWild Bapu of Garambi Garambica Bapu. bSAHITYA AKADEMI, NEW DELHI.c1969 a256bसाधी b7 aई.एल. एफ. aWild Bapu of Garambi Garambica Bapu. aई.एल. एफ. aWild Bapu of Garambi Garambica Bapu.